Central Library OPAC University of Rajshahi

S̲h̲aik̲h̲ Muḥammad ʻAlī Ḥazīn : (Record no. 22830)

MARC details
000 -LEADER
fixed length control field 00777cam a22002531 4500
001 - CONTROL NUMBER
control field 22830
003 - CONTROL NUMBER IDENTIFIER
rucl marc code BD-RjUL
005 - DATE AND TIME OF LATEST TRANSACTION
control field 20211209000847.0
008 - FIXED-LENGTH DATA ELEMENTS--GENERAL INFORMATION
fixed length control field 140309t1944 pk c b 000 0 eng
035 ## - SYSTEM CONTROL NUMBER
System control number (BD-RjUL)22895
System control number (OCoLC)4227529
040 ## - CATALOGING SOURCE
Original cataloging agency DLC
Transcribing agency MnU
Modifying agency DLC
-- BD-RjUL
Language of cataloging eng
041 ## - LANGUAGE CODE
Language code of text/sound track or separate title eng
082 04 - DEWEY DECIMAL CLASSIFICATION NUMBER
Classification number 891.5
Author mark and year KHS 1944
100 1# - MAIN ENTRY--PERSONAL NAME
Personal name K̲h̲aṭak, Sarfaraz K̲h̲ān ʻUqāb,
Dates associated with a name 1911-1984.
9 (RLIN) 70394
245 00 - TITLE STATEMENT
Title S̲h̲aik̲h̲ Muḥammad ʻAlī Ḥazīn :
Remainder of title his life, times & works /
260 ## - PUBLICATION, DISTRIBUTION, ETC. (IMPRINT)
Place of publication, distribution, etc. Lahore :
Name of publisher, distributor, etc. M. Ashraf,
Date of publication, distribution, etc. 1944.
300 ## - PHYSICAL DESCRIPTION
Pagination xxi, 237 p. :
Illustrations port. ;
Size 22 cm.
504 ## - BIBLIOGRAPHY, ETC. NOTE
Bibliography, etc Bibliographical footnotes.
600 00 - SUBJECT ADDED ENTRY--PERSONAL NAME
Personal name Muḥammad ʻAlī Ḥazīn,
Dates associated with a name 1692?-1766?
942 ## - ADDED ENTRY ELEMENTS (KOHA)
Source of classification or shelving scheme Dewey Decimal Classification
Koha item type Books
Holdings
Lost status Source of classification or shelving scheme Damaged status Not for loan Collection code Permanent Location Current Location Shelving location Date acquired Source of acquisition Cost, normal purchase price Total Checkouts Full call number Date last seen Copy number Koha item type
  Dewey Decimal Classification   Added to bundle Fiction Central Library, University of Rajshahi Central Library, University of Rajshahi Reading Room 25/01/1955 W.B.C. dacca 6.00   891.5 KHS 1944 09/03/2014 C-1 Books